Vizualizácia opakovaných meraní v programe ATLAS DMT

Gespeichert in:
Bibliographische Detailangaben
1. Verfasser: Železníková, Zuzana, 1984- (Verfasst von)
Weitere Verfasser: Geisse, Robert, 1972- (Betreuung Doktorarbeit)
Format: Manuskript Buch
Sprache:Slowakisch
Veröffentlicht: Bratislava : STU v Bratislave SvF, 2010
Schlagworte:
Online-Zugang:VAIS
Tags: Tag hinzufügen
Keine Tags, Fügen Sie das erste Tag hinzu!

MARC

LEADER 00000ntm a22000003a 4500
001 stu216777
005 20160721135432.2
008 101117s2010----xo------------------slo-d
040 |a STU  |b slo 
041 0 |a slo 
044 |a xo 
100 1 |a Železníková, Zuzana,  |d 1984-  |4 aut  |X 16822  |7 A000016822 
245 1 |a Vizualizácia opakovaných meraní v programe ATLAS DMT 
260 |a Bratislava :  |b STU v Bratislave SvF,  |c 2010 
650 7 |a geodézia a kartografia  |2 stusub 
650 7 |a Geodesy and Cartography  |2 estusub 
700 1 |a Geisse, Robert,  |d 1972-  |4 ths  |u V210  |U SvF Stavebná fakulta  |T SvF Katedra mapovania a pozemkových úprav  |X 886  |U V210  |Y 22  |7 A000000886 
856 4 |a info a plný text  |u http://is.stuba.sk/zp/portal_zp.pl?podrobnosti=52895  |3 VAIS